MEXICO: SETENTA Y CINCO AÑOS DE REVOLUCION/

CONTENIDO: V.2 DESARROLLO SOCIAL

-д хадгалсан:
Номзүйн дэлгэрэнгүй
Бусад зохиолчид: Ramírez Sáiz, Juan Manuel (autor) (autor)
Формат: Ном
Нөхцлүүд:
Шошгууд: Шошго нэмэх
Шошго байхгүй, Энэхүү баримтыг шошголох эхний хүн болох!

MARC

LEADER 00000nam^a2200000^a^4500
001 000224323
005 20250521000000.0
009 20260310104044.869
020 |a 968-16-2884-5 
035 |a 043205 
037 |a Acervo Xavier Clavigero 
082 |a 305. 972  |b MEX V. 2 
245 1 0 |a MEXICO:  |b SETENTA Y CINCO AÑOS DE REVOLUCION/  |c JUAN MANUEL RAMIREZ SAIZ ...[ ET. AL.] 
264 |a MEXICO :  |b INEHRM, FONDO DE CULTURA ECONOMICA,  |c 1988 
300 |a 944p. :  |b tbs. 
336 |a texto  |b txt  |2 rdacontenido 
337 |a sin mediación  |b n  |2 rdamedio 
338 |a volumen  |b nc  |2 rdasoporte 
520 |a CONTENIDO: V.2 DESARROLLO SOCIAL 
649 |a XX 
650 |a México -  |x Condiciones Sociales y Culturales 
650 |a Desarrollo Comunitario -  |z México 
700 |a Ramírez Sáiz, Juan Manuel  |e (autor) 
910 |a Fondo General 
920 |a Impresos - Libros 
930 |a Colección General 
905 |a 101 
901 |a 043205  |b IT1  |c ACC  |i 043205  |u 20250521 
902 |a https://opac.biblio.iteso.mx/vufind/Record/000224323